Código del profesional (Registro nro. 300753)

Detalles MARC
000 -ENCABEZADO
Número de control [NR] 01196nam a22002297a 4500
005 - FECHA Y HORA DE LA ÚLTIMA TRANSACCIÓN
control field 20150824080350.0
008 - DE LONGITUD FIJA DE DATOS DE ELEMENTOS - INFORMACIÓN GENERAL
Elementos de longitud fija [NR] 150804s1928 ck ||||fr|||| 001 0 spa d
040 ## - FUENTE DE CATALOGACION [NR]
Quien Cataloga Sandra Yazo
Quien Clasifica Sandra Yazo
041 0# - CODIGO DE IDIOMA [R]
Código de idioma para texto/pista de sonido o título separado [R] Español
082 04 - NUMERO DE CLASIFICACION DECIMAL DEWEY [R]
Número de la edición [NR] 20
Número de clasificación [R] 174
092 ## - SIGNATURA TOPOGRAFICA LOCAL
Número de clasificación local E36N082
100 1# - ASIENTO PRINCIPAL--NOMBRE PERSONAL [NR]
Nombre personal [NR] Delgado Morales, Álvaro
ID Autoridad 70562
245 10 - MENCION DE TITULO [NR]
Título [NR] Código del profesional
Mención de responsabilidad, etc. [NR] Alvaro Delgado Morales
260 ## - PUBLICACION, DISTRIBUCION, ETC. (PIE DE IMPRENTA) [R]
Lugar de publicación, distribución, etc. [R] Bogotá (Colombia)
Nombre del editor, distribuidor, etc. [R] Sociedad Editorial
Fecha de publicación, distribución, etc. [R] 1928
300 ## - DESCRIPCION FISICA [R]
Extensión [R] 126 páginas
Dimensiones [R] 24 x 17 cm.
500 ## - NOTA GENERAL [R]
Nota general [NR] Detalles físicos: Encuadernación flexible. Tapa delantera con datos de publicación impresos y una notación manuscrita. Anteportada. Impresa en una sola tinta. Texto en una y dos columnas. Algunas notas al final de páginas
505 0# - NOTA DE CONTENIDO CON FORMATO PREESTABLECIDO [R]
Nota de contenido con formato preestablecido [NR] Abogados ; Actos legislativas ; Argentina ; Bolivia ; Compilación ; Congreso Boliviano ; Congreso de Montevideo ; Constitución Nacional ; Convenios internacionales ; Costa Rica ; Chile ; Decretos ; Ecuador ; España ; Ingenieros ; Médicos ; Odontólogos ; Paraguay ; Perú ; Uruguay ; Venezuela ; Veterinarios
506 ## - NOTA DE RESTRICCIONES DE ACCESO [R]
Condiciones de acceso [NR] Consulta en sala
650 #7 - ASIENTO SECUNDARIO DE MATERIA - TERMINO TEMATICO [R]
9 (RLIN) 15257
Término temático o nombre geográfico como elemento de entrada [NR] Ética profesional
690 ## - ASUNTO AGREGADO LOCAL DE ENTRADA - TÉRMINO TEMÁTICO (OCLC, RLIN)
9 (RLIN) 42812
Acceso temático local Ética
942 ## - ELEMENTOS DE ENTRADA AGREGADOS (KOHA)
Sistema de clasificación LOCAL
Tipo de ítem principal el descrito en 300a Libro
Edición 1
Clasificación E36N082
Existencias
Suprimido Perdido Sistema de clasificación Dañado No prestable Tipo de ítem específico Ubicación habitual Ubicación actual Localización Fecha de creación Forma de adquisición Total préstamos Signatura topográfica Código de barras Última vez visto Ejemplar Price effective from Tipo de ítem
    LOCAL     Libro archivo Archivo Histórico Archivo Histórico Archivo histórico 04/08/2015 Donación   E36N082 L005045 04/08/2015 Ej.1 04/08/2015 Libro